| 000 | 00917nam a2200253Ia 4500 | ||
|---|---|---|---|
| 003 | OSt | ||
| 005 | 20221005104824.0 | ||
| 006 | a|||||r|||| 00| 0 | ||
| 007 | ta | ||
| 008 | 221004b |||||||| |||| 00| 0 hin d | ||
| 020 |
_a9788190537537 (hbk) _c200 |
||
| 024 | _a101576 | ||
| 037 |
_b405, 22/03/2010, Swaraj Prakashan _cTextual |
||
| 040 |
_aCRL _cCRL _bhin |
||
| 041 |
_2hin _ahin |
||
| 082 | _aO152,1x, P7 | ||
| 100 | _aबिसारिया, पुनीत, संपा. | ||
| 245 | 0 | _aअर्वाचीन हिंदी काव्य | |
| 246 | _aArvāchīn hiandī kāvya | ||
| 260 |
_aदिल्ली _bश्री नटराज प्रकाशन भारत _c2007 |
||
| 300 |
_a144पृ0 _ccm. |
||
| 942 |
_hO152,1x, P7 _cTEXL _2cc |
||
| 999 |
_c1013901 _d1013901 |
||